|
|
|
|
| LEADER |
00000nam a2200000 a 4500 |
| 001 |
vtls001276951 |
| 003 |
SK-MaSNL |
| 005 |
20260414103555.0 |
| 008 |
240509s1994 xo a r y slo |
| 015 |
|
|
|a SNBA1997/0501373
|
| 035 |
|
|
|a SNK000228207
|
| 035 |
|
|
|a urn:nbn:sk:snk-amkg04
|
| 035 |
|
|
|a urn:nbn:sk:snk-am008fpj
|
| 035 |
|
|
|a 7DFCA510-DF2A-4486-B7A9-0CC5E9C8ABE2
|
| 040 |
|
|
|a SNK
|b slo
|c SNK
|e AACR2
|
| 041 |
0 |
|
|a slo
|
| 044 |
|
|
|a xo
|c SK
|
| 080 |
|
|
|a 681.32:654(075.8)
|2 1981
|
| 080 |
|
|
|a 654(075.8)
|2 1981
|
| 100 |
1 |
|
|a Baráth, Július,
|d 1968-
|4 aut
|9 1636837
|
| 245 |
1 |
0 |
|a Práca v sieťach Sanet - Internet
|n 1.
|c Július Baráth, Miroslav Líška
|
| 260 |
|
|
|a Liptovský Mikuláš
|b Vojenská akadémia SNP
|c 1994
|
| 300 |
|
|
|a 113 s.
|c 21 cm
|
| 500 |
|
|
|a 150 výt.
|
| 504 |
|
|
|a Bibliogr. s. 112
|
| 650 |
0 |
7 |
|a Sanet
|x Internet
|2 SNK
|9 675160
|
| 650 |
0 |
7 |
|a internet
|2 SNK
|9 1833
|
| 655 |
|
7 |
|a Textbooks (higher)
|2 SNKPHeng
|9 276436
|
| 655 |
|
7 |
|a učebnice vysokých škôl
|2 SNKPH
|9 70191
|
| 700 |
1 |
|
|a Líška, Miroslav
|4 aut
|
| 958 |
|
|
|a TL
|
| 958 |
|
|
|a NB
|
| 958 |
|
|
|a UV
|
| 999 |
|
|
|c 1044779
|d 1046709
|
| 952 |
|
|
|t P60, <03>, [BOOK], {603}
|a SNK
|b SNK
|y PREZ
|7 0
|p 17A0037059
|o snkSC 92362/1
|i snkKSP 1590/97
|0 0
|1 0
|4 0
|d 1997-02-24
|f 1
|l 0
|r 2025-09-10 00:00:00
|w 2026-02-24
|
| 952 |
|
|
|t P60, <04>, [BOOK], {604}
|a SNK
|b SNK
|y VYP
|7 0
|p 17A0052349
|o snkSC 92362/1 D1
|i snkKSP 2378/97
|0 0
|1 0
|4 0
|d 1997-03-03
|l 0
|r 2005-01-02 00:00:00
|w 2026-02-24
|